Thermophysics (Record no. 3929)

MARC details
000 -LEADER
fixed length control field 00810nam a2200217Ia 4500
003 - CONTROL NUMBER IDENTIFIER
control field IN-BaIIA
005 - DATE AND TIME OF LATEST TRANSACTION
control field 20250707110155.0
008 - FIXED-LENGTH DATA ELEMENTS--GENERAL INFORMATION
fixed length control field 211028s9999 xx 000 0 eng d
040 ## - CATALOGING SOURCE
Transcribing agency IIA Library
080 ## - UNIVERSAL DECIMAL CLASSIFICATION NUMBER
Universal Decimal Classification number 629.19 (047.1)
Item number PAA-23
111 ## - MAIN ENTRY--MEETING NAME
Meeting name or jurisdiction name as entry element AIAA  Conference on Thermophysics
Number of part/section/meeting 4th
Location of meeting San Francisco
Date of meeting or treaty signing 1969 June 16-18
9 (RLIN) 6974
245 #0 - TITLE STATEMENT
Title Thermophysics
Remainder of title applications to thermal design of spacecraft; proceedings of  AIAA  Conference held in San Francisco, June 16-18, 1969
Statement of responsibility, etc. Jerry T. Benvans
260 ## - PUBLICATION, DISTRIBUTION, ETC.
Place of publication, distribution, etc. New York
Name of publisher, distributor, etc. Academic Press
Date of publication, distribution, etc. 1970
300 ## - PHYSICAL DESCRIPTION
Extent xviii, 580p.
490 ## - SERIES STATEMENT
Series statement Progress in astronautics and aeronautics
Volume/sequential designation 23
650 ## - SUBJECT ADDED ENTRY--TOPICAL TERM
Topical term or geographic name entry element Astronomy and Astrophysics Thesaurus
650 ## - SUBJECT ADDED ENTRY--TOPICAL TERM
Topical term or geographic name entry element Physics
9 (RLIN) 73
650 ## - SUBJECT ADDED ENTRY--TOPICAL TERM
Topical term or geographic name entry element Thermophysics
9 (RLIN) 6975
700 ## - ADDED ENTRY--PERSONAL NAME
Personal name Benvans, Jerry T., ed.
9 (RLIN) 6976
942 ## - ADDED ENTRY ELEMENTS (KOHA)
Koha item type Books
Source of classification or shelving scheme Dewey Decimal Classification
Holdings
Withdrawn status Lost status Source of classification or shelving scheme Damaged status Not for loan Home library Current library Shelving location Date acquired Cost, normal purchase price Total Checkouts Full call number Barcode Date last seen Cost, replacement price Price effective from Koha item type Purchase Price
    Dewey Decimal Classification     IIA Library-Bangalore IIA Library-Kodaikanal General Stacks 16/06/1972 140.40   629.19(047.1)/ PAA-23 4390 05/11/2021 140.40 16/06/1972 Books Rs. 140.40

Powered by Koha